Statystyki dla 75 Postaci Historycznych, które Powinieneś/Powinnaś Znać

Kliknij tutaj aby rozwiązać quiz!

Ogólne statystyki

  • Ten quiz został rozwiązany 34 983 razy
    (34 457 od ostatniego zresetowania)
  • Średni wynik to 40 z 75

Statystyki odpowiedzi

Opis postaciPostać historyczna% Poprawnych
6Pierwszy król Polski.Bolesław Chrobry
93%
23Papież z Polski.Karol Wojtyła
93%
17Przywódca ZSRR z czasów drugiej wojny światowej.Józef Stalin
92%
8Kanclerz III Rzeszy.Adolf Hitler
91%
28Odkrywca Ameryki.Krzysztof Kolumb
91%
14Chemiczka, która odkryła rad i polon.Maria Skłodowska-Curie
91%
12Twórca "O Obrocie Ciał Niebieskich".Mikołaj Kopernik
89%
1Autor "Trylogii".Henryk Sienkiewicz
87%
5Odkrywca zasad dynamiki.Isaac Newton
86%
10Autor polskiej "Epopei Narodowej".Adam Mickiewicz
85%
16Zastał Polskę drewnianą a zostawił murowaną.Kazimierz Wielki
85%
20Cesarz Francuzów w latach 1804-1815.Napoleon Bonaparte
83%
11Wprowadził stan wojenny 13 grudnia 1981.Wojciech Jaruzelski
82%
13Twórca teorii ewolucji.Karol Darwin
81%
9Autor Iliady i Odysei.Homer
80%
42Nazywany "człowiekiem renesansu". Twórca obrazu Mona Lisa.Leonardo Da Vinci
80%
7Naczelnik Państwa Polskiego w latach 1918-1922.Józef Piłsudski
78%
3Wynalazca żarówki.Thomas Edison
78%
31Ostatni król Polski.Stanisław August Poniatowski
77%
41Pianista z Żelazowej Woli, twórca Etiudy Rewolucyjnej.Fryderyk Chopin
76%
27Dyktator Rzymu, zdobywca Galii.Juliusz Cezar
74%
4Twórca teorii względności.Albert Einstein
73%
53Malarz obrazów historycznych, twórca "Bitwy pod Grunwaldem" oraz "Unii Lubelskiej".Jan Matejko
73%
60Pierwszy prezydent III RP wybrany w wyborach powszechnych.Lech Wałęsa
73%
21Pierwszy prezydent USA.Jerzy Waszyngton
72%
30Król Polski, zwyciężył Imperium Osmańskie pod Wiedniem.Jan III Sobieski
71%
50Niemiecki reformator religijny.Marcin Luter
69%
58Premier Wielkiej Brytanii w czasach drugiej wojny światowej, miłośnik whisky i cygar.Winston Churchill
66%
34Wynalazca dynamitu.Alfred Nobel
65%
65Autor słów do "Mazurka Dąbrowskiego".Józef Wybicki
65%
2Pierwszy prezydent Rzeczypospolitej Polskiej.Gabriel Narutowicz
64%
25Władca Babilonii, twórca słynnego kodeksu.Hammurabi
63%
70Poeta ery romantyzmu, autor "Kordiana".Juliusz Słowacki
60%
52Holenderski malarz postimpresjonistyczny, namalował między innymi "Słoneczniki".Vincent Van Gogh
59%
15Antyczny przywódca, który podbił Persję.Aleksander Macedoński
57%
38Przywódca Rewolucji Październikowej.Włodzimierz Lenin
53%
39Polski Poeta, prozaik, eseista, laureat Nagrody Nobla.Czesław Miłosz
52%
18Dowodził polskimi oddziałami pod Monte Cassino.Władysław Anders
52%
26Król Sparty, poległ pod Termopilami.Leonidas
51%
63Jeden z klasyków wiedeńskich, twórca Requiem D-moll.Wolfgang Amadeusz Mozart
49%
49Polska pisarka epoki pozytywizmu, napisała "Nad Niemnem".Eliza Orzeszkowa
47%
22Najsłynniejszy twórca Teatru Elżbietańskiego.William Szekspir
47%
48Pierwszy polski kronikarz.Gall Anonim
46%
43Konstruktorzy pierwszego udanego samolotu.Orville Wright i Wilbur Wright
46%
47Polski symbol "cnót rycerskich".Zawisza Czarny z Garbowa
46%
54Francuska bohaterka narodowa, dowodziła armią francuską podczas Wojny Stuletniej.Joanna d'Arc
43%
36Władca Imperium Mongolskiego, zdobywca Azji i Europy Wschodniej.Czyngis Chan
41%
44Angielski król, który doprowadził do rozłamu z Kościołem Rzymskokatolickim.Henryk VIII Tudor
41%
29Pastor baptystyczny, działacz na rzecz równouprawnienia i zniesienia dyskryminacji rasowej.Martin Luther King
41%
24Pierwszy premier III RP.Tadeusz Mazowiecki
41%
46Wielki Mistrz Zakonu Krzyżackiego, poległ w Bitwie pod Grunwaldem.Ulrich von Jungingen
38%
62Francuski komediopisarz, autor "Świętoszka".Jean Baptiste Poquelin
37%
73Polski prekursor fantastyki-naukowej (sci-fi) w literaturze.Stanisław Lem
37%
45Pierwszy, I Sekretarz PZPR.Bolesław Bierut
36%
64Francuski chemik, odkrywca procesu pasteryzacji.Ludwik Pasteur
34%
55Nazywany "Lisem Pustyni".Erwin Rommel
31%
68Jeden z twórców współczesnej państwowości indyjskiej, propagator pacyfizmu jako metody walki politycznej.Mohandas Karamchand Gandhi
30%
69Czarnoskóry prezydent RPA, jeden z przywódców ruchu przeciw apartheidowi.Nelson Mandela
30%
56Pierwszy prezydent Federacji Rosyjskiej.Borys Jelcyn
29%
40Dyktator Powstania Styczniowego.Romuald Traugutt
29%
51Kapitan w czasie Powstania Listopadowego, hrabianka.Emilia Plater
28%
57Ostatni prezydent RP na uchodźstwie.Ryszard Kaczorowski
26%
35Słynny przywódca Hunów zwany "Biczem Bożym".Attyla
22%
33Amerykański generał czasów drugiej wojny światowej znany jako "Old Blood and Guts".George Patton
22%
61Reżyser nazywany "Mistrzem Suspensu", reżyser takich filmów jak "Ptaki".Alfred Hitchcock
20%
75Dowodził wojskami Polski w bitwie pod Kircholmem.Jan Chodkiewicz
19%
74Twórca posągu Zeusa w Olimpii.Fidiasz
18%
59Inny premier Wielkiej Brytanii w czasach drugiej wojny światowej.Neville Chamberlain
18%
67Pierwsza kobieta, która przeleciała nad Atlantykiem.Amelia Earhart
17%
32Dyktator Powstania Listopadowego.Józef Chłopicki
17%
66W 1932 zdobyli w zawodach lotniczych "Challenge" pierwsze miejsce i puchar międzynarodowy dla Polski.Franciszek Żwirko i Stanisław Wigura
12%
19Zerwał z koncepcją idealizmu obiektywnego, wprowadził koncepcję niezapisanego umysłu.Arystoteles
11%
71Jeden z przywódców ŻOBu (Żydowska Organizacja Bojowa), członek Powstania Warszawskiego.Marek Edelman
10%
37Matematyk, prowadził badania na teorią gier, wprowadził koncept równowagi w grach niekooperacyjnych..John Nash Jr
6%
72Podpułkownik jednostek dyspozycyjne Komendy Głównej AK w czasie Powstania Warszawskiego, pseudonim "Radosław".Jan Mazurkiewicz
3%

Rozkład punktacji

Percentyl według liczby udzielonych odpowiedzi

Procent ludzi z każdym wynikiem

Twoja historia wyników

Nie rozwiązałeś tego quizu od ostatniego zresetowania